000 00662nam a22002175i 4500
001 176358
003 ES-MaACL
005 20250718062553.0
008 110111s1983 sp |||| | spa d
020 _a84-277-0589-1
080 _a17
100 1 _aValente, José Ángel,
_d1929-2000
_9112590
245 1 3 _aEl sujeto ético /
_cCarlos Díaz.
260 _aMadrid :
_bNarcea,
_cD. L. 1983.
300 _a269 p. ;
_c18 cm.
490 1 _aBitácora. Biblioteca del estudiante ;
_v87
650 7 _aÉtica
_2embne
_912577
830 0 _aBitácora. Biblioteca del estudiante ;
_v87
_9181903
852 _aES-MaACL
_jE-14001
_xOlim P-1892
999 _c176358
_d176358